00865nam a2200205 a 450000100100000000500170001000800410002704000250006808200150009310000300010824500900013826000410022830000370026950000350030653400220034170000460036395201190040995201140052899900170064200003650520200930075752.0120119s1969 sp ad 001 0 spa d aDO-SdBNPbspacBNPHU axxxbS315f1 aScheer, Bradley T.96274710aFisiología animal /cBradley T. Scheer ; traducido por Juan Puigdefábregas Tomas. aBarcelona :bEdiciones Omega,c1969. a435 p. :bil., diagrs. ;c24 cm. aIncluye índice alfabético. aAnimal physiology1 aPuigdefábregas Tomas, Juan,etr.962748 001054708MOaGRbGRcCTd2012-01-19iLF1l0oxxx S315fp36506-10r2020-06-25w2020-06-25y4ZPréstamo en sala 0010507-18MOaGRbGRcOId2012-01-19iLF1l0oxxx S315fp36507-10r2020-06-25w2020-06-25y1ZNo se presta c35996d35996